[Event "Montevideo Trebejos op 03"]
[Site "Montevideo"]
[Date "2022.03.25"]
[Round "6"]
[White "Martinez Fernandez, Fernando"]
[Black "Romero, Juan Ignacio"]
[Result "0-1"]
[WhiteElo "1814"]
[BlackElo "1713"]
[PlyCount "82"]
[EventDate "2022.03.07"]
[EventType "swiss"]
[EventRounds "6"]
[EventCountry "URU"]
[SourceTitle "EXT 2023"]
[Source "ChessBase"]
[SourceDate "2022.10.05"]
[SourceVersion "1"]
[SourceVersionDate "2022.10.05"]
[SourceQuality "1"]

1. d4 Nf6 2. c4 g6 3. Nc3 Bg7 4. e4 d6 5. f4 0-0 6. Be2 c5 7. d5 e6 8. Nf3 exd5 9. cxd5 b5 10. e5 dxe5 11. fxe5 Ng4 12. Bxb5 Nxe5 13. 0-0 Nxf3+ 14. Qxf3 Bb7 15. Bc6 Bxc6 16. dxc6 Bxc3 17. bxc3 f6 18. c7 Qxc7 19. Qxa8 Nc6 20. Qxf8+ Kxf8 21. Rxf6+ Kg7 22. Rf2 Qb6 23. Be3 Ne5 24. Raf1 h6 25. h3 g5 26. Rf5 Qd6 27. Rf6 Qd5 28. Kh1 Nd3 29. Ra6 Qe4 30. Rxa7+ Kg6 31. Ra6+ Kg7 32. Bg1 Nf4 33. Rxf4 gxf4 34. Ra7+ Kg6 35. Bxc5 f3 36. gxf3 Qxf3+ 37. Kh2 Qf4+ 38. Kg2 Qg5+ 39. Kh2 Qxc5 40. Ra6+ Kh5 41. Ra4 Qd6+ 0-1

[Event "Montevideo Trebejos op 03"]
[Site "Montevideo"]
[Date "2022.03.14"]
[Round "3"]
[White "Martinez Fernandez, Fernando"]
[Black "Pelaez, Diego"]
[Result "1/2-1/2"]
[WhiteElo "1814"]
[BlackElo "1565"]
[PlyCount "76"]
[EventDate "2022.03.07"]
[EventType "swiss"]
[EventRounds "6"]
[EventCountry "URU"]
[SourceTitle "EXT 2023"]
[Source "ChessBase"]
[SourceDate "2022.10.05"]
[SourceVersion "1"]
[SourceVersionDate "2022.10.05"]
[SourceQuality "1"]

1. d4 Nf6 2. c4 c5 3. d5 e6 4. Nc3 exd5 5. cxd5 d6 6. e4 g6 7. f4 Bg7 8. Be2 0-0 9. Nf3 Qe7 10. e5 Ne8 11. 0-0 Bg4 12. Ne4 Bxf3 13. Bxf3 Nd7 14. Re1 dxe5 15. d6 Qe6 16. fxe5 Qxe5 17. Be3 Rc8 18. Qa4 Nef6 19. Nxf6+ Nxf6 20. d7 Rcd8 21. Rad1 b6 22. Qxa7 Qxb2 23. Bf4 Nxd7 24. Rxd7 Bd4+ 25. Kh1 Qf2 26. Bg3 Rxd7 27. Qxd7 Qxa2 28. Bd5 Qd2 29. Re8 Qc1+ 30. Be1 Qf4 31. Bf3 Be5 32. Rxf8+ Kxf8 33. Bg3 Qc1+ 34. Bd1 Bxg3 35. hxg3 Qh6+ 36. Kg1 Qe3+ 37. Kh2 Qh6+ 38. Kg1 Qe3+ 1/2-1/2

[Event "Montevideo Trebejos op 11"]
[Site "Montevideo"]
[Date "2021.11.22"]
[Round "3"]
[White "Avedisian, Alexander"]
[Black "Martinez Fernandez, Fernando"]
[Result "1-0"]
[WhiteElo "1904"]
[BlackElo "1851"]
[PlyCount "65"]
[EventDate "2021.11.15"]
[EventType "swiss"]
[EventRounds "6"]
[EventCountry "URU"]
[SourceTitle "EXT 2023"]
[Source "ChessBase"]
[SourceDate "2022.10.05"]
[SourceVersion "1"]
[SourceVersionDate "2022.10.05"]
[SourceQuality "1"]

1. Nf3 d5 2. g3 Bf5 3. Bg2 h6 4. 0-0 Nf6 5. c4 e6 6. d3 Be7 7. cxd5 exd5 8. Nc3 c6 9. Nd4 Bg6 10. e4 dxe4 11. dxe4 0-0 12. Re1 Nbd7 13. e5 Nh7 14. e6 Nc5 15. exf7+ Rxf7 16. Qg4 Qd6 17. Be3 Nd3 18. Red1 Nxb2 19. Nxc6 Nxd1 20. Rxd1 Bf5 21. Qe2 Qg6 22. Ne5 Qf6 23. Nxf7 Qxf7 24. Bc5 Bg4 25. Qxg4 Nf6 26. Qf5 g6 27. Qe5 Bf8 28. Nd5 Nd7 29. Ne7+ Kh7 30. Rxd7 Bg7 31. Bd5 Qe8 32. Qc7 Qf8 33. Bg8+ 1-0

[Event "Montevideo Trebejos op 11"]
[Site "Montevideo"]
[Date "2021.11.19"]
[Round "2"]
[White "Martinez Fernandez, Fernando"]
[Black "Perez Selios, Luis"]
[Result "0-1"]
[WhiteElo "1851"]
[BlackElo "1278"]
[PlyCount "102"]
[EventDate "2021.11.15"]
[EventType "swiss"]
[EventRounds "6"]
[EventCountry "URU"]
[SourceTitle "EXT 2023"]
[Source "ChessBase"]
[SourceDate "2022.10.05"]
[SourceVersion "1"]
[SourceVersionDate "2022.10.05"]
[SourceQuality "1"]

1. d4 d5 2. c4 c6 3. cxd5 cxd5 4. Bf4 Nc6 5. e3 Nf6 6. Bd3 e6 7. Nc3 Qb6 8. Nge2 a6 9. 0-0 Nh5 10. Na4 Qd8 11. Be5 Nxe5 12. dxe5 g6 13. Rc1 Be7 14. Nd4 0-0 15. Qc2 Bd7 16. Qb3 Bxa4 17. Qxa4 Qb8 18. Qd7 Bd8 19. f4 Bb6 20. g4 Ng7 21. Rc2 Qa7 22. Qa4 Rad8 23. Rfc1 Qb8 24. Qb3 Bxd4 25. exd4 Rc8 26. Rc5 Rxc5 27. Rxc5 Rc8 28. Qc2 Rxc5 29. Qxc5 Qd8 30. h3 h5 31. g5 Ne8 32. b4 Qc7 33. a4 Qxc5 34. dxc5 Kf8 35. c6 bxc6 36. Bxa6 Ke7 37. Bb7 Kd7 38. a5 Kc7 39. a6 Ng7 40. Kf2 Nf5 41. Ke2 Nd4+ 42. Kd3 Nb5 43. h4 Na7 44. Kd4 Kb6 45. Kd3 Kb5 46. Kc3 Ka4 47. Kb2 Kxb4 48. Kc2 Kc4 49. Kd2 Kd4 50. Kc2 Ke3 51. Kb3 d4 0-1

[Event "Montevideo Trebejos op 11"]
[Site "Montevideo"]
[Date "2021.11.15"]
[Round "1"]
[White "Souto, Andres"]
[Black "Martinez Fernandez, Fernando"]
[Result "0-1"]
[WhiteElo "1306"]
[BlackElo "1851"]
[PlyCount "40"]
[EventDate "2021.11.15"]
[EventType "swiss"]
[EventRounds "6"]
[EventCountry "URU"]
[SourceTitle "EXT 2023"]
[Source "ChessBase"]
[SourceDate "2022.10.05"]
[SourceVersion "1"]
[SourceVersionDate "2022.10.05"]
[SourceQuality "1"]

1. e4 c6 2. d4 d5 3. e5 Bf5 4. Nf3 e6 5. Be3 Qb6 6. b3 Nd7 7. Bd3 Ne7 8. 0-0 Bxd3 9. Qxd3 Nf5 10. Bf4 c5 11. dxc5 Nxc5 12. Be3 Nxe3 13. Qxe3 Be7 14. Nbd2 0-0 15. c4 Rad8 16. Nd4 h6 17. f4 Ne4 18. Kh1 Nxd2 19. Qxd2 dxc4 20. Rad1 Bc5 0-1

[Event "Montevideo Trebejos op 03"]
[Site "Montevideo"]
[Date "2021.03.15"]
[Round "4"]
[White "Chamlian, Aram"]
[Black "Martinez Fernandez, Fernando"]
[Result "0-1"]
[WhiteElo "1723"]
[BlackElo "1840"]
[PlyCount "110"]
[EventDate "2021.03.08"]
[EventType "swiss"]
[EventRounds "6"]
[EventCountry "URU"]
[SourceTitle "EXT 2022"]
[Source "ChessBase"]
[SourceDate "2021.10.06"]
[SourceVersion "1"]
[SourceVersionDate "2021.10.06"]
[SourceQuality "1"]

1. e4 c6 2. d3 d5 3. Nd2 e5 4. g3 Nf6 5. Bg2 Bd6 6. Ngf3 0-0 7. 0-0 Re8 8. Re1 Nbd7 9. Nf1 Qc7 10. Ne3 g6 11. Ng5 Nb6 12. Qf3 Qe7 13. Bh3 Bxh3 14. Nxh3 dxe4 15. dxe4 Nfd7 16. Ng4 f6 17. Bh6 Qe6 18. Rad1 Be7 19. Rd2 Rad8 20. Red1 Nc5 21. Rxd8 Rxd8 22. Rxd8+ Bxd8 23. Ng5 Qe7 24. b4 fxg5 25. bxc5 Nd7 26. Qb3+ Kh8 27. Qxb7 Nxc5 28. Qc8 Qd7 29. Qb8 Qc7 30. Qa8 Ne6 31. h4 gxh4 32. gxh4 Qd6 33. Qb7 Qd1+ 34. Kh2 Qxg4 35. Bg5 Nxg5 36. hxg5 Qh4+ 37. Kg2 Qxe4+ 38. Kf1 Bxg5 39. Qb8+ Kg7 40. Qxa7+ Kh6 41. Qc5 Qd5 42. Qf8+ Kh5 43. Qg7 h6 44. Qf8 Qd1+ 45. Kg2 Qg4+ 46. Kf1 e4 47. Qc5 Qe6 48. a4 Qd5 49. Qc3 Qd1+ 50. Kg2 Qf3+ 51. Qxf3+ exf3+ 52. Kxf3 Bd8 53. Ke4 Kg5 54. f4+ Kf6 55. c4 h5 0-1

[Event "Montevideo Glausura op"]
[Site "Montevideo"]
[Date "2019.11.11"]
[Round "3"]
[White "Martinez Fernandez, Fernando"]
[Black "Avedisian, Alexander"]
[Result "1-0"]
[WhiteElo "1846"]
[BlackElo "1881"]
[PlyCount "83"]
[EventDate "2019.11.04"]
[EventType "swiss"]
[EventRounds "6"]
[EventCountry "URU"]
[SourceTitle "CBM 193 Extra"]
[Source "ChessBase"]
[SourceDate "2020.01.31"]
[SourceVersion "1"]
[SourceVersionDate "2020.01.31"]
[SourceQuality "1"]

1. d4 Nf6 2. c4 g6 3. Nc3 Bg7 4. e4 d6 5. f4 0-0 6. Be2 c5 7. d5 b5 8. e5 Ne8 9. cxb5 a6 10. Nf3 axb5 11. Bxb5 Nc7 12. Bc4 Ba6 13. Bxa6 Nbxa6 14. 0-0 Nb4 15. Be3 c4 16. Bb6 Qb8 17. Bxc7 Qxc7 18. e6 Qc5+ 19. Kh1 Nd3 20. exf7+ Rxf7 21. Ng5 Bxc3 22. bxc3 Rf5 23. Qe2 Re8 24. Qe6+ Kg7 25. Qxf5 gxf5 26. Ne6+ Kf6 27. Nxc5 Nxc5 28. a4 Ra8 29. a5 Ra6 30. Rfb1 Nb3 31. Ra4 h5 32. g3 e5 33. dxe6 Kxe6 34. Rxc4 Nc5 35. Rb5 Kd7 36. Kg2 Kc6 37. Rcb4 Kd5 38. Rd4+ Kc6 39. Rb6+ Rxb6 40. axb6 d5 41. Rb4 Kb7 42. Rb5 1-0

[Event "Montevideo Trebejos Primavera op"]
[Site "Montevideo"]
[Date "2019.09.16"]
[Round "3"]
[White "Ferrari, Carlos"]
[Black "Martinez Fernandez, Fernando"]
[Result "1/2-1/2"]
[WhiteElo "1689"]
[BlackElo "1841"]
[PlyCount "75"]
[EventDate "2019.09.09"]
[EventType "swiss"]
[EventRounds "6"]
[EventCountry "URU"]
[SourceTitle "CBM 195 Extra"]
[Source "ChessBase"]
[SourceDate "2020.05.31"]
[SourceVersion "1"]
[SourceVersionDate "2020.05.31"]
[SourceQuality "1"]

1. f4 d5 2. Nf3 c5 3. g3 Nc6 4. Bg2 g6 5. c3 Bg7 6. 0-0 Nf6 7. e3 0-0 8. h3 Bf5 9. Na3 Bd3 10. Re1 Ne4 11. g4 e5 12. Bf1 Bxf1 13. Rxf1 exf4 14. exf4 d4 15. Kg2 Kh8 16. Nc4 d3 17. Ne3 Qc7 18. Nh2 Rad8 19. Qf3 Qe7 20. Rh1 b5 21. Re1 Rfe8 22. Nhf1 b4 23. Nc4 bxc3 24. dxc3 f5 25. g5 Qe6 26. Nfd2 Qd5 27. Ne3 Qd7 28. h4 Re6 29. h5 Rde8 30. hxg6 hxg6 31. Qh3+ Kg8 32. Nxe4 Rxe4 33. Bd2 Rxf4 34. Rad1 Rfe4 35. b3 Qe7 36. Nd5 Re2+ 37. Kf1 Qe4 38. Nf4 1/2-1/2

[Event "Montevideo Trebejos Nostalgico op"]
[Site "Montevideo"]
[Date "2019.08.19"]
[Round "5"]
[White "Martinez Fernandez, Fernando"]
[Black "Quevedo, Andreina"]
[Result "0-1"]
[WhiteElo "1882"]
[BlackElo "1822"]
[PlyCount "66"]
[EventDate "2019.08.05"]
[EventType "swiss"]
[EventRounds "6"]
[EventCountry "URU"]
[SourceTitle "EXT 2020"]
[Source "ChessBase"]
[SourceDate "2019.10.17"]
[SourceVersion "1"]
[SourceVersionDate "2019.10.17"]
[SourceQuality "1"]

1. d4 Nf6 2. c4 g6 3. Nc3 Bg7 4. e4 d6 5. f4 Bg4 6. Be2 Bxe2 7. Qxe2 0-0 8. Nf3 c5 9. d5 e6 10. dxe6 fxe6 11. 0-0 Nc6 12. f5 gxf5 13. exf5 exf5 14. Qe6+ Kh8 15. Ng5 Qd7 16. Bf4 Rad8 17. Nb5 d5 18. Qxd7 Rxd7 19. Ne6 Rg8 20. Nxc5 Re7 21. Nd6 Nd4 22. Rae1 Bf8 23. Rxe7 Bxe7 24. Re1 Nf3+ 25. Kf2 Nxe1 26. Kxe1 Bxd6 27. Bxd6 b6 28. Nd3 dxc4 29. Nf4 Re8+ 30. Kf1 Ne4 31. Bb4 a5 32. Be1 Re5 33. h3 Rb5 0-1

[Event "Montevideo Trebejos Nostalgico op"]
[Site "Montevideo"]
[Date "2019.08.12"]
[Round "3"]
[White "Martinez Fernandez, Fernando"]
[Black "Maestro, Esteban"]
[Result "1-0"]
[WhiteElo "1882"]
[BlackElo "1528"]
[PlyCount "43"]
[EventDate "2019.08.05"]
[EventType "swiss"]
[EventRounds "6"]
[EventCountry "URU"]
[SourceTitle "EXT 2020"]
[Source "ChessBase"]
[SourceDate "2019.10.17"]
[SourceVersion "1"]
[SourceVersionDate "2019.10.17"]
[SourceQuality "1"]

1. d4 Nf6 2. c4 e6 3. Nf3 b6 4. a3 Be7 5. Nc3 Bb7 6. Qc2 d5 7. cxd5 exd5 8. e3 0-0 9. Bd3 Re8 10. 0-0 Ba6 11. Ne5 Bxd3 12. Qxd3 Bd6 13. f4 c6 14. Bd2 Ne4 15. Nxe4 dxe4 16. Qxe4 Bxe5 17. fxe5 f6 18. Qf3 Re6 19. Rac1 Qe8 20. d5 cxd5 21. Qxd5 Nd7 22. Rc6 1-0

[Event "Montevideo Trebejos Nostalgico op"]
[Site "Montevideo"]
[Date "2019.08.05"]
[Round "1"]
[White "Martinez Fernandez, Fernando"]
[Black "Kiel, Horacio"]
[Result "1-0"]
[WhiteElo "1882"]
[BlackElo "1535"]
[PlyCount "87"]
[EventDate "2019.08.05"]
[EventType "swiss"]
[EventRounds "6"]
[EventCountry "URU"]
[SourceTitle "EXT 2020"]
[Source "ChessBase"]
[SourceDate "2019.10.17"]
[SourceVersion "1"]
[SourceVersionDate "2019.10.17"]
[SourceQuality "1"]

1. d4 f5 2. Bg5 h6 3. Bh4 g5 4. Bg3 Nf6 5. e3 Bg7 6. Be2 0-0 7. Nf3 d6 8. Nc3 b6 9. Bc4+ Kh8 10. Qe2 Bb7 11. Be6 Bc8 12. Bc4 e6 13. 0-0-0 Qe8 14. h4 g4 15. Nd2 Qe7 16. e4 fxe4 17. Ndxe4 d5 18. Nxf6 Bxf6 19. Bb3 h5 20. Qe3 Kh7 21. Kb1 c6 22. Ne2 c5 23. c3 cxd4 24. cxd4 Nc6 25. Bc2+ Kg7 26. Qd3 Rh8 27. Qg6+ Kf8 28. Bd6 Qxd6 29. Qxf6+ Kg8 30. Nf4 Qe7 31. Qxh8+ Kxh8 32. Ng6+ Kg7 33. Nxe7 Nxe7 34. Ba4 Kf7 35. Rhe1 Nf5 36. g3 Ke7 37. Bc2 Ng7 38. Re5 Kf6 39. Rde1 Bd7 40. Rg5 Be8 41. Re3 Nf5 42. Bxf5 exf5 43. Re5 Bf7 44. Rgxf5+ 1-0

[Event "Montevideo Biblioteca Nacional op"]
[Site "Montevideo"]
[Date "2019.07.09"]
[Round "2"]
[White "Martinez Fernandez, Fernando"]
[Black "Campora, Edgardo"]
[Result "1-0"]
[WhiteElo "1887"]
[BlackElo "1678"]
[PlyCount "119"]
[EventDate "2019.07.02"]
[EventType "swiss"]
[EventRounds "6"]
[EventCountry "URU"]
[SourceTitle "EXT 2020"]
[Source "ChessBase"]
[SourceDate "2019.10.17"]
[SourceVersion "1"]
[SourceVersionDate "2019.10.17"]
[SourceQuality "1"]

1. d4 Nf6 2. c4 g6 3. Nc3 Bg7 4. e4 d6 5. f4 0-0 6. Be2 e5 7. fxe5 dxe5 8. d5 c6 9. Nf3 Qb6 10. Na4 Qa5+ 11. Bd2 Qd8 12. Bg5 Qa5+ 13. Bd2 Qd8 14. Bd3 Qe7 15. 0-0 b6 16. Qe1 c5 17. b4 Nbd7 18. a3 Ne8 19. Bg5 f6 20. Bh4 Nd6 21. Rb1 g5 22. Bg3 h5 23. Bf2 Ba6 24. bxc5 bxc5 25. Nxc5 Bxc4 26. Bxc4 Nxc4 27. Rb7 Rfd8 28. Qb4 Nd6 29. Rxd7 Rxd7 30. Nxd7 Qxd7 31. Rb1 Bf8 32. Nd2 Rc8 33. Qb3 Qc7 34. Qf3 Qc2 35. Qd1 Qxd1+ 36. Rxd1 Rc3 37. Ra1 a6 38. Kf1 Nc4 39. Ke2 Nxd2 40. Kxd2 Rxa3 41. Rxa3 Bxa3 42. Kc3 Kf7 43. Kb3 Bd6 44. Ka4 Bc7 45. Bc5 f5 46. exf5 Kf6 47. Kb4 Kxf5 48. Kc4 Ke4 49. d6 Bd8 50. Ba7 g4 51. Bb8 Ke3 52. Bc7 Bg5 53. Bb6+ Ke2 54. Kd5 Kf1 55. g3 Kg2 56. Kxe5 Kxh2 57. Kf5 h4 58. Kxg5 h3 59. d7 Kg2 60. d8Q 1-0

[Event "Montevideo Trebejos op 06"]
[Site "Montevideo"]
[Date "2019.07.05"]
[Round "7"]
[White "Martinez Fernandez, Fernando"]
[Black "Diaz Rosas, Alvaro"]
[Result "0-1"]
[WhiteElo "1884"]
[BlackElo "1862"]
[PlyCount "50"]
[EventDate "2019.06.19"]
[EventType "swiss"]
[EventRounds "7"]
[EventCountry "URU"]
[SourceTitle "EXT 2020"]
[Source "ChessBase"]
[SourceDate "2019.10.17"]
[SourceVersion "1"]
[SourceVersionDate "2019.10.17"]
[SourceQuality "1"]

1. d4 Nf6 2. c4 c5 3. d5 e6 4. Nc3 exd5 5. cxd5 d6 6. e4 g6 7. f4 Bg7 8. Bb5+ Nfd7 9. Nf3 a6 10. Be2 b5 11. 0-0 0-0 12. Be3 Re8 13. Qc2 Bb7 14. Rad1 Nb6 15. a3 b4 16. axb4 cxb4 17. Nb1 Nxd5 18. Bd2 Qb6+ 19. Kh1 Nd7 20. Bc4 N5f6 21. Qb3 Rxe4 22. Bxf7+ Kh8 23. Ng5 Re2 24. Rg1 Ng4 25. Be1 Rxe1 0-1

[Event "Montevideo Biblioteca Nacional op"]
[Site "Montevideo"]
[Date "2019.07.02"]
[Round "1"]
[White "Barcelo Fraixanet, Mario"]
[Black "Martinez Fernandez, Fernando"]
[Result "0-1"]
[WhiteElo "1532"]
[BlackElo "1887"]
[PlyCount "108"]
[EventDate "2019.07.02"]
[EventType "swiss"]
[EventRounds "6"]
[EventCountry "URU"]
[SourceTitle "EXT 2020"]
[Source "ChessBase"]
[SourceDate "2019.10.17"]
[SourceVersion "1"]
[SourceVersionDate "2019.10.17"]
[SourceQuality "1"]

1. d4 d5 2. e3 Nf6 3. Bd3 c6 4. h3 e6 5. Nf3 Bd6 6. 0-0 0-0 7. b3 Nbd7 8. Bb2 Re8 9. Ne5 c5 10. Nd2 cxd4 11. exd4 Qc7 12. f4 Rf8 13. a3 b6 14. Rc1 Bb7 15. Qf3 Rac8 16. Qe2 g6 17. g4 Ne8 18. Rf2 Ng7 19. Rg2 f6 20. Nxd7 Qxd7 21. Rf1 f5 22. Qe3 Rce8 23. Nf3 fxg4 24. Ne5 Bxe5 25. fxe5 Rxf1+ 26. Kxf1 Rf8+ 27. Rf2 Rxf2+ 28. Kxf2 Qf7+ 29. Kg2 gxh3+ 30. Qxh3 Nh5 31. Bc1 Bc6 32. Qh4 Kg7 33. Qg5 Kg8 34. Qd8+ Qe8 35. Qg5 Ng7 36. Qf6 Qf8 37. Qg5 Be8 38. a4 Qb4 39. Be3 b5 40. axb5 Bxb5 41. Bxb5 Qxb5 42. Qd8+ Qe8 43. Qf6 Nf5 44. Bf2 Qf7 45. Qd8+ Kg7 46. Qb8 Qe7 47. c4 dxc4 48. bxc4 Qg5+ 49. Kf1 Qc1+ 50. Kg2 Qxc4 51. Qxa7+ Kh6 52. Qc5 Qxc5 53. dxc5 Ne7 54. Be1 g5 0-1

[Event "Montevideo Trebejos op 06"]
[Site "Montevideo"]
[Date "2019.06.21"]
[Round "2"]
[White "Martinez Fernandez, Fernando"]
[Black "Saralegui Cassan, Mario"]
[Result "1-0"]
[WhiteElo "1884"]
[BlackElo "2071"]
[PlyCount "147"]
[EventDate "2019.06.19"]
[EventType "swiss"]
[EventRounds "7"]
[EventCountry "URU"]
[SourceTitle "EXT 2020"]
[Source "ChessBase"]
[SourceDate "2019.10.17"]
[SourceVersion "1"]
[SourceVersionDate "2019.10.17"]
[SourceQuality "1"]

1. d4 Nf6 2. c4 e6 3. Nf3 Bb4+ 4. Bd2 Qe7 5. g3 Nc6 6. Bg2 Bxd2+ 7. Nbxd2 d6 8. 0-0 0-0 9. e4 e5 10. d5 Nb8 11. b4 c6 12. h3 cxd5 13. cxd5 Bd7 14. Qb3 Na6 15. Rfc1 Rfc8 16. Bf1 h6 17. a3 Nh7 18. Qe3 Ng5 19. Nxg5 hxg5 20. Rxc8+ Bxc8 21. Rc1 f5 22. exf5 Bxf5 23. g4 Bg6 24. Ne4 Bf7 25. Qd2 Nc7 26. Bc4 Rf8 27. Nxg5 Bg6 28. h4 Rf4 29. Be2 Qd7 30. Rxc7 Qxc7 31. Ne6 Qf7 32. Nxf4 exf4 33. Bf3 Qf6 34. h5 Bf7 35. Qc1 Be8 36. Kg2 Qg5 37. Qc8 Kf8 38. Qxb7 Bxh5 39. Qc8+ Be8 40. Qe6 Qe5 41. Qc8 Kf7 42. Qc7+ Qe7 43. Qxe7+ Kxe7 44. g5 Bd7 45. Bh5 Ba4 46. Bg6 Bd1 47. Be4 Kd7 48. Kf1 Kc7 49. Ke1 Bg4 50. Kd2 Kb6 51. Bd3 Bf3 52. Bc4 a5 53. Kc3 Bg2 54. Kd4 Bf3 55. Bd3 axb4 56. axb4 Kc7 57. Be4 Bd1 58. Bg2 Bc2 59. Bf1 Kb6 60. Bd3 Bd1 61. Ke4 Bb3 62. Kxf4 Bxd5 63. Ke3 Kc7 64. Kd4 Bb3 65. f4 Kd7 66. Bb5+ Kc7 67. f5 Kd8 68. f6 gxf6 69. gxf6 Ba2 70. Bc4 Bb1 71. Kd5 Ke8 72. Kxd6 Be4 73. b5 Bb7 74. b6 1-0

[Event "Montevideo Autumn op 2nd"]
[Site "Montevideo"]
[Date "2019.05.17"]
[Round "7"]
[White "Fernandez Rodriguez, Antonio"]
[Black "Martinez Fernandez, Fernando"]
[Result "0-1"]
[WhiteElo "1817"]
[BlackElo "1887"]
[PlyCount "130"]
[EventDate "2019.05.03"]
[EventType "swiss"]
[EventRounds "7"]
[EventCountry "URU"]
[SourceTitle "EXT 2020"]
[Source "ChessBase"]
[SourceDate "2019.10.17"]
[SourceVersion "1"]
[SourceVersionDate "2019.10.17"]
[SourceQuality "1"]

1. e4 c6 2. Nf3 d5 3. Nc3 Bg4 4. h3 Bxf3 5. Qxf3 e6 6. d4 Nf6 7. exd5 exd5 8. Bd3 Bd6 9. 0-0 0-0 10. Bg5 Nbd7 11. Ne2 Qc7 12. c4 dxc4 13. Bxc4 h6 14. Bd2 Nb6 15. Bb3 Nbd5 16. Rac1 Rae8 17. Ng3 Bf4 18. Rfd1 Bxd2 19. Rxd2 Qf4 20. Qxf4 Nxf4 21. Kf1 g6 22. Ne2 Ne4 23. Rdc2 Nd3 24. Rb1 Nb4 25. Rd1 Nxc2 26. Bxc2 Nf6 27. Nf4 Rd8 28. Bb3 Kg7 29. f3 g5 30. Ne2 Nd5 31. Kf2 Rfe8 32. Ng3 Re6 33. Nf5+ Kf8 34. g4 Rde8 35. Rd2 b5 36. a4 bxa4 37. Bxa4 Nf4 38. h4 Re2+ 39. Rxe2 Rxe2+ 40. Kf1 gxh4 41. Nxh4 Rxb2 42. Bxc6 Rd2 43. Nf5 h5 44. gxh5 Nxh5 45. d5 Nf4 46. d6 Ne6 47. Ke1 Rc2 48. Be4 Rc5 49. Ne7 Nd8 50. Kd2 Ke8 51. Ke3 Kd7 52. Nf5 Ke6 53. Kf4 f6 54. Bb1 Rc4+ 55. Ke3 Ke5 56. Be4 Rc3+ 57. Kd2 Rb3 58. Bc2 Rb6 59. Kc3 Nf7 60. d7 Ke6 61. Nh6 Nd8 62. Bf5+ Ke5 63. Bg4 a5 64. Nf5 a4 65. Nd4 a3 0-1

[Event "Montevideo Autumn op 2nd"]
[Site "Montevideo"]
[Date "2019.05.10"]
[Round "4"]
[White "Martinez Fernandez, Fernando"]
[Black "Avedisian, Alexander"]
[Result "1-0"]
[WhiteElo "1887"]
[BlackElo "1856"]
[PlyCount "69"]
[EventDate "2019.05.03"]
[EventType "swiss"]
[EventRounds "7"]
[EventCountry "URU"]
[SourceTitle "CBM 190 Extra"]
[Source "ChessBase"]
[SourceDate "2019.07.15"]
[SourceVersion "1"]
[SourceVersionDate "2019.07.15"]
[SourceQuality "1"]

1. d4 Nf6 2. c4 g6 3. Nc3 Bg7 4. e4 d6 5. f4 0-0 6. Be2 c5 7. d5 b5 8. cxb5 a6 9. e5 Ne8 10. Nf3 axb5 11. Bxb5 Nd7 12. Qe2 Bb7 13. e6 fxe6 14. Qxe6+ Kh8 15. Qxd7 Qb6 16. Bd2 Nf6 17. Qh3 Nxd5 18. Bd3 Nxf4 19. Bxf4 Rxf4 20. Bxg6 h6 21. 0-0 c4+ 22. Kh1 Bc8 23. Qh5 Bg4 24. Qb5 Qd8 25. Qd5 Rb8 26. Rab1 e6 27. Qd2 Qf8 28. Qe2 d5 29. h3 Qf6 30. Bc2 Bh5 31. g4 Bg6 32. Bxg6 Qxg6 33. Ne5 Qf6 34. Rxf4 Qxf4 35. Ng6+ 1-0

[Event "Montevideo Autumn op 2nd"]
[Site "Montevideo"]
[Date "2019.05.08"]
[Round "3"]
[White "Castro, Cesar"]
[Black "Martinez Fernandez, Fernando"]
[Result "1-0"]
[WhiteElo "2060"]
[BlackElo "1887"]
[PlyCount "77"]
[EventDate "2019.05.03"]
[EventType "swiss"]
[EventRounds "7"]
[EventCountry "URU"]
[SourceTitle "CBM 190 Extra"]
[Source "ChessBase"]
[SourceDate "2019.07.15"]
[SourceVersion "1"]
[SourceVersionDate "2019.07.15"]
[SourceQuality "1"]

1. e4 c6 2. Nf3 d5 3. Nc3 Bg4 4. h3 Bxf3 5. Qxf3 e6 6. d4 Nf6 7. e5 Nfd7 8. Qg3 c5 9. Bf4 a6 10. dxc5 Nc6 11. Rd1 Nxc5 12. Bd3 Qb6 13. Bc1 Nxd3+ 14. Rxd3 0-0-0 15. 0-0 Kb8 16. a3 h5 17. Ne2 h4 18. Qf4 Qc7 19. Nd4 Nxd4 20. Qxd4 Bc5 21. Qa4 Qd7 22. Qg4 g6 23. b4 Be7 24. Be3 Qc6 25. Qd4 Rc8 26. Rb1 b6 27. a4 Rc7 28. b5 axb5 29. Rxb5 Bc5 30. Qb2 Bxe3 31. Rxe3 Qxc2 32. Rxb6+ Ka7 33. Qb5 Ka8 34. Re1 Qc4 35. Ra6+ Ra7 36. Rxa7+ Kxa7 37. Qd7+ Ka6 38. Rb1 Rc8 39. Qb7+ 1-0

[Event "Montevideo Nazzari Memorial"]
[Site "Montevideo"]
[Date "2019.03.20"]
[Round "5"]
[White "Palacio, Enzo"]
[Black "Martinez Fernandez, Fernando"]
[Result "0-1"]
[WhiteElo "1656"]
[BlackElo "1885"]
[PlyCount "114"]
[EventDate "2019.03.11"]
[EventType "swiss"]
[EventRounds "7"]
[EventCountry "URU"]
[SourceTitle "CBM 189 Extra"]
[Source "ChessBase"]
[SourceDate "2019.06.03"]
[SourceVersion "1"]
[SourceVersionDate "2019.06.03"]
[SourceQuality "1"]

1. e4 c6 2. d4 d5 3. Nc3 dxe4 4. Nxe4 Bf5 5. Ng3 Bg6 6. h4 h6 7. Nf3 Nd7 8. h5 Bh7 9. Bd3 Bxd3 10. Qxd3 e6 11. Bd2 Ngf6 12. 0-0-0 Bd6 13. Ne4 Nxe4 14. Qxe4 Nf6 15. Qe2 Qc7 16. Kb1 0-0 17. g4 Nxg4 18. Rhg1 f5 19. Qxe6+ Kh8 20. Nh4 Rf6 21. Ng6+ Kh7 22. Qe2 Rf7 23. Nh4 Qe7 24. Qc4 Nxf2 25. Ng6 Qf6 26. Rdf1 Ne4 27. Be1 Re8 28. Qd3 c5 29. Nh4 Qe6 30. d5 Qc8 31. Qh3 f4 32. Qg2 Ng5 33. Nf3 Rf5 34. Bh4 Be7 35. d6 Bf6 36. Rd1 Qd7 37. Qg4 Kh8 38. Bxg5 hxg5 39. Rd5 Qb5 40. Ne5 Rexe5 41. Rxe5 Rxe5 42. b3 Qe8 43. Qd1 Qe6 44. h6 gxh6 45. Rh1 Kg7 46. c3 Rd5 47. Qh5 Bxc3 48. Kc2 Bb4 49. Qf3 Rd2+ 50. Kc1 Qxd6 51. Qxb7+ Qd7 52. Qa6 Rd6 53. Qe2 Ba3+ 54. Kb1 Qf5+ 55. Ka1 Re6 56. Qd2 Qe5+ 57. Kb1 Qe4+ 0-1

[Event "Montevideo Nazzari Memorial"]
[Site "Montevideo"]
[Date "2019.03.18"]
[Round "4"]
[White "Martinez Fernandez, Fernando"]
[Black "Ferrari, Carlos"]
[Result "1-0"]
[WhiteElo "1885"]
[BlackElo "1674"]
[PlyCount "55"]
[EventDate "2019.03.11"]
[EventType "swiss"]
[EventRounds "7"]
[EventCountry "URU"]
[SourceTitle "CBM 189 Extra"]
[Source "ChessBase"]
[SourceDate "2019.06.03"]
[SourceVersion "1"]
[SourceVersionDate "2019.06.03"]
[SourceQuality "1"]

1. d4 Nf6 2. c4 g6 3. Nc3 d6 4. e4 Nbd7 5. f4 Bg7 6. Be2 0-0 7. Nf3 e5 8. fxe5 dxe5 9. dxe5 Ng4 10. 0-0 Ngxe5 11. Be3 c6 12. Qb3 Qe7 13. Rad1 Nxf3+ 14. Bxf3 Ne5 15. Be2 Be6 16. a4 b5 17. axb5 cxb5 18. Nd5 Qh4 19. Rf4 Ng4 20. h3 bxc4 21. Qa3 h5 22. hxg4 hxg4 23. Bf2 Qg5 24. Qe7 Qe5 25. Bd4 Qb8 26. Bxg7 Kxg7 27. Qf6+ Kh7 28. Kf2 1-0